The moon is down (Record no. 10858)

000 -LEADER
fixed length control field 00385 a2200157 4500
020 ## - INTERNATIONAL STANDARD BOOK NUMBER
International Standard Book Number 9780141185538
082 ## - DEWEY DECIMAL CLASSIFICATION NUMBER
Classification number 813.52
090 ## - LOCALLY ASSIGNED LC-TYPE CALL NUMBER (OCLC); LOCAL CALL NUMBER (RLIN)
-- 7050
-- 7050
100 ## - MAIN ENTRY--PERSONAL NAME
Personal name Steinbeck, John
245 ## - TITLE STATEMENT
Title The moon is down
Statement of responsibility, etc. John Steinbeck
260 ## - PUBLICATION, DISTRIBUTION, ETC.
Place of publication, distribution, etc. New York
Name of publisher, distributor, etc. Penguin Group
Date of publication, distribution, etc. 2000
300 ## - PHYSICAL DESCRIPTION
Extent 112 p.
650 ## - SUBJECT ADDED ENTRY--TOPICAL TERM
Topical term or geographic name entry element World War (1939-1945)
700 ## - ADDED ENTRY--PERSONAL NAME
Personal name John Steinbeck
942 ## - ADDED ENTRY ELEMENTS (KOHA)
Koha item type Book
Call number prefix 813.52 STE
Holdings
Withdrawn status Lost status Damaged status Not for loan Collection code Permanent Location Current Location Shelving location Date acquired Source of acquisition Cost, normal purchase price Total Checkouts Total Renewals Full call number Barcode Date last seen Date last checked out Price effective from Koha item type
          Central Library (CL) Central Library (CL) General Stacks 04/19/2012 Eagle Information Marketing 1071.12 8 1 813.52 STE SEECS011212 12/21/2024 11/11/2024 01/05/2017 Book
© 2023 Central Library, National University of Sciences and Technology. All Rights Reserved.